Contemporary issues in development economics : (Record no. 3705)
[ view plain ]
| 000 -LEADER | |
|---|---|
| fixed length control field | 00707 a2200205 4500 |
| 003 - CONTROL NUMBER IDENTIFIER | |
| control field | Nust |
| 005 - DATE AND TIME OF LATEST TRANSACTION | |
| control field | 20170105101223.0 |
| 008 - FIXED-LENGTH DATA ELEMENTS--GENERAL INFORMATION | |
| fixed length control field | 161124b xxu||||| |||| 00| 0 eng d |
| 020 ## - INTERNATIONAL STANDARD BOOK NUMBER | |
| International Standard Book Number | 8184840195 |
| 020 ## - INTERNATIONAL STANDARD BOOK NUMBER | |
| International Standard Book Number | 9788184840193 |
| 040 ## - CATALOGING SOURCE | |
| Original cataloging agency | 0 |
| Transcribing agency | 0 |
| 100 1# - MAIN ENTRY--PERSONAL NAME | |
| Personal name | Pal, Prankrishna. |
| 245 10 - TITLE STATEMENT | |
| Title | Contemporary issues in development economics : |
| Remainder of title | models and applications / |
| Statement of responsibility, etc. | Prankrishna Pal. |
| 260 ## - PUBLICATION, DISTRIBUTION, ETC. | |
| Place of publication, distribution, etc. | [S.l.] : |
| Name of publisher, distributor, etc. | Regal Publications, |
| Date of publication, distribution, etc. | 2009. |
| 300 ## - PHYSICAL DESCRIPTION | |
| Extent | 444 p. |
| 500 ## - GENERAL NOTE | |
| General note | Hardcover. |
| 856 40 - ELECTRONIC LOCATION AND ACCESS | |
| Materials specified | Amazon.com |
| Uniform Resource Identifier | <a href="http://www.amazon.com/exec/obidos/ASIN/8184840195/chopaconline-20">http://www.amazon.com/exec/obidos/ASIN/8184840195/chopaconline-20</a> |
| 856 40 - ELECTRONIC LOCATION AND ACCESS | |
| Materials specified | Amazon customer reviews |
| Uniform Resource Identifier | <a href="http://www.chopac.org/cgi-bin/tools/azrev.pl?q=8184840195">http://www.chopac.org/cgi-bin/tools/azrev.pl?q=8184840195</a> |
| 942 ## - ADDED ENTRY ELEMENTS (KOHA) | |
| Koha item type | Book |
| Call number prefix | 338.9 PAL |
| Source of classification or shelving scheme | |
| Withdrawn status | Lost status | Source of classification or shelving scheme | Damaged status | Not for loan | Collection code | Permanent Location | Current Location | Shelving location | Date acquired | Total Checkouts | Full call number | Barcode | Date last seen | Price effective from | Koha item type |
|---|---|---|---|---|---|---|---|---|---|---|---|---|---|---|---|
| Central Library (CL) | Central Library (CL) | General Stacks | 11/24/2016 | 338.9 PAL | S3H-N-1236 | 11/24/2016 | 11/24/2016 | Book |
